UITU Library & LRC     

Intellostick (Micro-controller Based Master White Cane) (Record no. 28128)

MARC details
000 -LEADER
fixed length control field 00469nam a2200133Ia 4500
008 - FIXED-LENGTH DATA ELEMENTS--GENERAL INFORMATION
fixed length control field 250506s9999 xx 000 0 und d
024 ## - OTHER STANDARD IDENTIFIER
Standard number or code 13B-03-EL, 13B-05-EL, 13B-06-EL & 13B-08-EL
082 ## - DEWEY DECIMAL CLASSIFICATION NUMBER
Classification number 621.98072 IMR
100 ## - MAIN ENTRY--PERSONAL NAME
Personal name Imran Ahmed, M. Kamran Asad, Nasir Siddique & Areeba Afaq
245 #0 - TITLE STATEMENT
Title Intellostick (Micro-controller Based Master White Cane)
260 ## - PUBLICATION, DISTRIBUTION, ETC.
Place of publication, distribution, etc. Karachi:
Name of publisher, distributor, etc. UIT,
Date of publication, distribution, etc. 2013
600 ## - SUBJECT ADDED ENTRY--PERSONAL NAME
Personal name Electrical Engineering
650 ## - SUBJECT ADDED ENTRY--TOPICAL TERM
Topical term or geographic name entry element Bachelor of Engineering (BE)
Holdings
Withdrawn status Lost status Damaged status Not for loan Collection Home library Current library Date acquired Total checkouts Full call number Barcode Date last seen Price effective from Koha item type
        PR-Electrical Engineering UITU Library UITU Library 07/26/2022   621.98072 IMR EE-401 05/06/2025 05/06/2025 Project Report

Powered by Koha